000 00381nam a2200145Ia 4500
008 230917s9999||||xx |||||||||||||| ||und||
040 _e124228
_aMAIN
041 _aEnglish
082 _a340.0711 G961J
100 _aGurdev Singh
245 0 _aJudicial service: Preliminary examination guide
260 _aChandigarh
_bSingla Law Agency
_c2008
300 _a460 p.
942 _cBK
999 _c132690
_d132690